=LDR 00000nam 2200000 4500 =001 INLIS000000000000677 =005 20130612085118 =008 ***********************************Ind** =035 ##$$0010-061300000000677 =041 ##$$a Ind =082 ##$$a 92(Budiarjo) =090 ##$$a 92(Budiarjo), Bud-s =100 ##$$a Budiarjo =245 ##$$a Siapa sudi saya dongengi, Budiarjo =260 ##$$a 1996 $b Jakarta =300 ##$$a xiii, 289 hlm, ilus, 24 cm =650 ##$$a Budiarjo, 1921 =850 ##$$a NBPNMAT